| 000 | 00624ntaaa2200205 4500 | ||
|---|---|---|---|
| 003 | 01 | ||
| 005 | 20251027201441.0 | ||
| 008 | 0714s1973 ag 01 | ||
| 040 |
_aAR-BaBN _bspa _cAR-BaBN _eaacr _dRIC |
||
| 082 | _a226.2000 L25 | ||
| 100 |
_aLange, J. P. _913116 |
||
| 245 | _aTheological and Homiletical Commentary on the Gospel of St. Matthew, Vol.1. | ||
| 250 |
_a1 ed. : _bT. T. Clark, _cc1861 |
||
| 300 | _a463 p. | ||
| 500 | _a(Clark's Foreign Theological Library; third series Vol. IX) | ||
| 650 | _aBiblia-N.T.-Mateo | ||
| 650 |
_aMateo _94387 |
||
| 650 |
_aClark's Foreign Theological Library _913118 |
||
| 942 | _cBK | ||
| 999 |
_c9018 _d9018 |
||